000 00707nam a22002177a 4500
003 UA-OsUOA
001 122845
007 ta
008 20170523b un ||||| |||| 00| 0 ukr d
100 _aРоманов С.
090 _a82
_bР69
942 _cSA
040 _aUA-OsUOA
_bukr
_cUA-OsUOA
_dUA-OsUOA
245 _aІнтимна лірика Лесі Українки та Олександра Олеся крізь співмірність приватного досвіду і художньої реконструкції
300 _aС.67-79
955 _a0
041 _aukr
080 _a82
773 0 _w122843
650 7 _a82 Література. Літературознавство
_2UDC
999 _c409474
_d409474